00420nam a2200121Ia 4500008004100000100002200041245006100063245002400124260000900148856004900157999001900206952007300225160531s9999 xx 000 0 und d aByrne, Charles L. aApplied and Computational Linear Algebra: A First Course cby Charles L. Byrne c2013 uhttp://faculty.uml.edu/cbyrne/aclafctext.pdf c295150d295150 001040aCLbCLd2016-05-31l0r2016-05-31 00:00:00w2016-05-31yCBE